Obálka Náhled e-knihy:
PDF Epub
Pro půjčování e-knih musíte být přihlášeni.
Jak si půjčit online?

Elementum. Pokrevní poselství /

Další část volné fantasy série v hlavní roli s teenagerem Alexandrem Summersem, jenž je obdařen magickou mocí ovládat jednotlivé přírodní elementy: oheň, vodu, zemi a vzduch s větrem.

Uloženo v:
Série:Elementum, část 3
Hlavní autor: Dittrich, Jiří, 1996- (Autor)
Médium: E-kniha
Jazyk:Czech
Vydáno: Praha : Epocha s.r.o., [2020]
Vydání:Vydání první
Edice:Fantastická Epocha
Témata:
Příbuzné jednotky:Z cyklu:: Elementum
Tagy:
Žádné tagy
LEADER 02605nam a2200457 i 4500
001 311196
003 CZ PrSKC
005 20260601215701.0
007 ta
008 200513t20202020xr g 000 f cze
015 |a cnb003218354 
020 |a 9788075579539  |q (brožováno) :  |c Kč 399,00 
035 |a (OCoLC)1200247614 
040 |a ABG001  |b cze  |d ABA001  |e rda 
072 7 |a 821.162.3-3  |x Česká próza  |2 Konspekt 
080 |a 821.162.3-31  |2 MRF 
080 |a (0:82-312.9)  |2 MRF 
100 1 |a Dittrich, Jiří,  |d 1996-  |7 jo2016934656  |4 aut 
245 1 0 |a Elementum.  |p Pokrevní poselství /  |c Jiří Dittrich 
246 3 0 |a Pokrevní poselství 
250 |a Vydání první 
264 1 |a Praha :  |b Epocha s.r.o.,  |c [2020] 
264 4 |c ©2020 
300 |a 594 stran ;  |c 20 cm 
336 |a text  |b txt  |2 rdacontent 
337 |a bez média  |b n  |2 rdamedia 
338 |a svazek  |b nc  |2 rdacarrier 
490 1 |a Fantastická Epocha 
520 2 |a Další část volné fantasy série v hlavní roli s teenagerem Alexandrem Summersem, jenž je obdařen magickou mocí ovládat jednotlivé přírodní elementy: oheň, vodu, zemi a vzduch s větrem.  |b Alex si myslel, že má válku proti bratrovi vyhranou, ovšem osud tomu chce jinak. Bratři jsou totiž spjati sudbou, která nelítostně váže jejich životy. Alex se snaží zjistit, jak onu sudbu zlomit, zatímco Zek zůstává v ústraní. Nebojuje se, ale ulice města se i tak plní strachem. A jakmile je město napadeno Zekovou družinou, Alex vytuší, že ačkoli se nemůžou s bratrem zabít, Zek plánuje něco velkého. Něco, co nejen město zničí, ale obrátí ho proti sobě samotnému. A jestli Alex včas nezjistí odpovědi na své otázky, i bez jeho smrti si Zek město podrobí do posledního živého člověka. Včetně Alexe... Nakladatelská anotace. 
546 |a Český text 
655 7 |a české romány  |7 fd133974  |2 czenas 
655 7 |a fantasy romány  |7 fd184199  |2 czenas 
655 9 |a Czech fiction  |2 eczenas 
655 9 |a fantasy novels  |2 eczenas 
787 0 8 |i Z cyklu:  |t Elementum  |g 3 
830 0 |a Fantastická Epocha 
900 |a ABA001  |b 21 
044 |a xr 
910 |a RBIT002 
998 |d 206836  |a https://core.palmknihy.cz/api/books/206836/cover?qawej3  |b https://core.palmknihy.cz/api/books/206836/cover/400?qawej3  |c https://core.palmknihy.cz/api/books/206836/cover/50?qawej3  |e 2028-05-25  |g 600  |i 9788075579539  |j https://core.palmknihy.cz/api/books/206836/preview.epub  |k https://core.palmknihy.cz/api/books/206836/preview.pdf  |l   |q 49  |r 1  |s https://www.palmknihy.cz/kniha/206836  |t ebook  |y 2020  |z 0  |v Elementum  |w 3 
999 |d 311194